<?xml version="1.0" encoding="UTF-8"?>
<record
    xmlns:xsi="http://www.w3.org/2001/XMLSchema-instance"
    xsi:schemaLocation="http://www.loc.gov/MARC21/slim http://www.loc.gov/standards/marcxml/schema/MARC21slim.xsd"
    xmlns="http://www.loc.gov/MARC21/slim">

  <leader>00741nam a2200265Ia 4500</leader>
  <controlfield tag="008">220501s2018    xx            000 0 eng d</controlfield>
  <datafield tag="020" ind1=" " ind2=" ">
    <subfield code="a">9789332587106</subfield>
  </datafield>
  <datafield tag="082" ind1=" " ind2=" ">
    <subfield code="a">658.8 GUP-M</subfield>
  </datafield>
  <datafield tag="100" ind1=" " ind2=" ">
    <subfield code="a">Gupta, Prachi</subfield>
  </datafield>
  <datafield tag="245" ind1=" " ind2="0">
    <subfield code="a">Marketing management :</subfield>
    <subfield code="b">Indian cases /</subfield>
    <subfield code="c">Prachi Gupta ... [et al.]</subfield>
  </datafield>
  <datafield tag="260" ind1=" " ind2=" ">
    <subfield code="a">Noida :</subfield>
    <subfield code="b">Pearson,</subfield>
    <subfield code="c">2018.</subfield>
  </datafield>
  <datafield tag="300" ind1=" " ind2=" ">
    <subfield code="a">vp. ;</subfield>
  </datafield>
  <datafield tag="650" ind1=" " ind2=" ">
    <subfield code="a">Cases - Marketing - Indian</subfield>
  </datafield>
  <datafield tag="650" ind1=" " ind2=" ">
    <subfield code="a">Marketing - cases - Indian</subfield>
  </datafield>
  <datafield tag="700" ind1=" " ind2=" ">
    <subfield code="a">Aggarwal, Ashita</subfield>
  </datafield>
  <datafield tag="700" ind1=" " ind2=" ">
    <subfield code="a">Jacob, Isaac</subfield>
  </datafield>
  <datafield tag="700" ind1=" " ind2=" ">
    <subfield code="a">Jain, Varsha</subfield>
  </datafield>
  <datafield tag="700" ind1=" " ind2=" ">
    <subfield code="a">Krishna, G Radha</subfield>
  </datafield>
  <datafield tag="700" ind1=" " ind2=" ">
    <subfield code="a">Majra, Hufrish</subfield>
  </datafield>
  <datafield tag="700" ind1=" " ind2=" ">
    <subfield code="a">Narang, Ritu</subfield>
  </datafield>
  <datafield tag="700" ind1=" " ind2=" ">
    <subfield code="a">Venkatesh, Shanthi</subfield>
  </datafield>
  <datafield tag="700" ind1=" " ind2=" ">
    <subfield code="a">A. Paul, Suresh</subfield>
  </datafield>
  <datafield tag="700" ind1=" " ind2=" ">
    <subfield code="a">Goswami, Susobhan</subfield>
  </datafield>
  <datafield tag="942" ind1=" " ind2=" ">
    <subfield code="2">ddc</subfield>
    <subfield code="c">REF</subfield>
    <subfield code="0">33</subfield>
  </datafield>
  <datafield tag="999" ind1=" " ind2=" ">
    <subfield code="c">19602</subfield>
    <subfield code="d">19602</subfield>
  </datafield>
  <datafield tag="952" ind1=" " ind2=" ">
    <subfield code="0">0</subfield>
    <subfield code="1">0</subfield>
    <subfield code="2">ddc</subfield>
    <subfield code="4">0</subfield>
    <subfield code="7">0</subfield>
    <subfield code="a">SOBD</subfield>
    <subfield code="b">SOBD</subfield>
    <subfield code="d">2023-05-22</subfield>
    <subfield code="e">Vedi Books</subfield>
    <subfield code="f">INR</subfield>
    <subfield code="g">350.00</subfield>
    <subfield code="o">658.8 GUP-M1</subfield>
    <subfield code="p">003915</subfield>
    <subfield code="r">2023-07-25</subfield>
    <subfield code="t">1</subfield>
    <subfield code="w">2023-04-18</subfield>
    <subfield code="y">REF</subfield>
    <subfield code="k">VEDI/23-24/04/12</subfield>
  </datafield>
  <datafield tag="952" ind1=" " ind2=" ">
    <subfield code="0">0</subfield>
    <subfield code="1">0</subfield>
    <subfield code="2">ddc</subfield>
    <subfield code="4">0</subfield>
    <subfield code="7">0</subfield>
    <subfield code="a">SOBD</subfield>
    <subfield code="b">SOBD</subfield>
    <subfield code="d">2023-05-22</subfield>
    <subfield code="e">Vedi Books</subfield>
    <subfield code="f">INR</subfield>
    <subfield code="g">350.00</subfield>
    <subfield code="o">658.8 GUP-M2</subfield>
    <subfield code="p">003916</subfield>
    <subfield code="r">2023-05-22</subfield>
    <subfield code="t">2</subfield>
    <subfield code="w">2023-04-18</subfield>
    <subfield code="y">BK</subfield>
    <subfield code="k">VEDI/23-24/04/12</subfield>
  </datafield>
  <datafield tag="952" ind1=" " ind2=" ">
    <subfield code="0">0</subfield>
    <subfield code="1">0</subfield>
    <subfield code="2">ddc</subfield>
    <subfield code="4">0</subfield>
    <subfield code="7">0</subfield>
    <subfield code="a">SOBD</subfield>
    <subfield code="b">SOBD</subfield>
    <subfield code="d">2023-05-22</subfield>
    <subfield code="e">Vedi Books</subfield>
    <subfield code="f">INR</subfield>
    <subfield code="g">350.00</subfield>
    <subfield code="o">658.8 GUP-M3</subfield>
    <subfield code="p">003917</subfield>
    <subfield code="r">2023-05-22</subfield>
    <subfield code="t">3</subfield>
    <subfield code="w">2023-04-18</subfield>
    <subfield code="y">BK</subfield>
    <subfield code="k">VEDI/23-24/04/12</subfield>
  </datafield>
  <datafield tag="952" ind1=" " ind2=" ">
    <subfield code="0">0</subfield>
    <subfield code="1">0</subfield>
    <subfield code="2">ddc</subfield>
    <subfield code="4">0</subfield>
    <subfield code="7">0</subfield>
    <subfield code="a">SOBD</subfield>
    <subfield code="b">SOBD</subfield>
    <subfield code="d">2023-05-22</subfield>
    <subfield code="e">Vedi Books</subfield>
    <subfield code="f">INR</subfield>
    <subfield code="g">350.00</subfield>
    <subfield code="l">2</subfield>
    <subfield code="m">2</subfield>
    <subfield code="o">658.8 GUP-M4</subfield>
    <subfield code="p">003918</subfield>
    <subfield code="r">2023-09-25</subfield>
    <subfield code="s">2023-08-21</subfield>
    <subfield code="t">4</subfield>
    <subfield code="w">2023-04-18</subfield>
    <subfield code="y">BK</subfield>
    <subfield code="k">VEDI/23-24/04/12</subfield>
  </datafield>
  <datafield tag="952" ind1=" " ind2=" ">
    <subfield code="0">0</subfield>
    <subfield code="1">0</subfield>
    <subfield code="2">ddc</subfield>
    <subfield code="4">0</subfield>
    <subfield code="7">0</subfield>
    <subfield code="a">SOBD</subfield>
    <subfield code="b">SOBD</subfield>
    <subfield code="d">2023-05-22</subfield>
    <subfield code="e">Vedi Books</subfield>
    <subfield code="f">INR</subfield>
    <subfield code="g">350.00</subfield>
    <subfield code="l">2</subfield>
    <subfield code="m">1</subfield>
    <subfield code="o">658.8 GUP-M5</subfield>
    <subfield code="p">003919</subfield>
    <subfield code="r">2023-12-11</subfield>
    <subfield code="s">2023-11-27</subfield>
    <subfield code="t">5</subfield>
    <subfield code="w">2023-04-18</subfield>
    <subfield code="y">BK</subfield>
    <subfield code="k">VEDI/23-24/04/12</subfield>
  </datafield>
  <datafield tag="952" ind1=" " ind2=" ">
    <subfield code="0">0</subfield>
    <subfield code="1">0</subfield>
    <subfield code="2">ddc</subfield>
    <subfield code="4">0</subfield>
    <subfield code="7">0</subfield>
    <subfield code="a">SOBD</subfield>
    <subfield code="b">SOBD</subfield>
    <subfield code="d">2023-05-22</subfield>
    <subfield code="e">Vedi Books</subfield>
    <subfield code="f">INR</subfield>
    <subfield code="g">350.00</subfield>
    <subfield code="l">4</subfield>
    <subfield code="m">1</subfield>
    <subfield code="o">658.8 GUP-M6</subfield>
    <subfield code="p">003920</subfield>
    <subfield code="r">2026-01-07</subfield>
    <subfield code="s">2025-12-11</subfield>
    <subfield code="t">6</subfield>
    <subfield code="w">2023-04-18</subfield>
    <subfield code="y">BK</subfield>
    <subfield code="k">VEDI/23-24/04/12</subfield>
  </datafield>
  <datafield tag="952" ind1=" " ind2=" ">
    <subfield code="0">0</subfield>
    <subfield code="1">0</subfield>
    <subfield code="2">ddc</subfield>
    <subfield code="4">0</subfield>
    <subfield code="7">0</subfield>
    <subfield code="a">SOBD</subfield>
    <subfield code="b">SOBD</subfield>
    <subfield code="d">2023-05-22</subfield>
    <subfield code="e">Vedi Books</subfield>
    <subfield code="f">INR</subfield>
    <subfield code="g">350.00</subfield>
    <subfield code="l">1</subfield>
    <subfield code="m">1</subfield>
    <subfield code="o">658.8 GUP-M7</subfield>
    <subfield code="p">003921</subfield>
    <subfield code="r">2023-08-14</subfield>
    <subfield code="s">2023-07-25</subfield>
    <subfield code="t">7</subfield>
    <subfield code="w">2023-04-18</subfield>
    <subfield code="y">BK</subfield>
    <subfield code="k">VEDI/23-24/04/12</subfield>
  </datafield>
  <datafield tag="952" ind1=" " ind2=" ">
    <subfield code="0">0</subfield>
    <subfield code="1">0</subfield>
    <subfield code="2">ddc</subfield>
    <subfield code="4">0</subfield>
    <subfield code="7">0</subfield>
    <subfield code="a">SOBD</subfield>
    <subfield code="b">SOBD</subfield>
    <subfield code="d">2023-05-22</subfield>
    <subfield code="e">Vedi Books</subfield>
    <subfield code="f">INR</subfield>
    <subfield code="g">350.00</subfield>
    <subfield code="o">658.8 GUP-M8</subfield>
    <subfield code="p">003922</subfield>
    <subfield code="r">2023-05-22</subfield>
    <subfield code="t">8</subfield>
    <subfield code="w">2023-04-18</subfield>
    <subfield code="y">BK</subfield>
    <subfield code="k">VEDI/23-24/04/12</subfield>
  </datafield>
  <datafield tag="952" ind1=" " ind2=" ">
    <subfield code="0">0</subfield>
    <subfield code="1">0</subfield>
    <subfield code="2">ddc</subfield>
    <subfield code="4">0</subfield>
    <subfield code="7">0</subfield>
    <subfield code="a">SOBD</subfield>
    <subfield code="b">SOBD</subfield>
    <subfield code="d">2023-05-22</subfield>
    <subfield code="e">Vedi Books</subfield>
    <subfield code="f">INR</subfield>
    <subfield code="g">350.00</subfield>
    <subfield code="l">6</subfield>
    <subfield code="m">8</subfield>
    <subfield code="o">658.8 GUP-M9</subfield>
    <subfield code="p">003923</subfield>
    <subfield code="r">2026-01-07</subfield>
    <subfield code="s">2025-12-24</subfield>
    <subfield code="t">9</subfield>
    <subfield code="w">2023-04-18</subfield>
    <subfield code="y">BK</subfield>
    <subfield code="k">VEDI/23-24/04/12</subfield>
  </datafield>
  <datafield tag="952" ind1=" " ind2=" ">
    <subfield code="0">0</subfield>
    <subfield code="1">0</subfield>
    <subfield code="2">ddc</subfield>
    <subfield code="4">0</subfield>
    <subfield code="7">0</subfield>
    <subfield code="a">SOBD</subfield>
    <subfield code="b">SOBD</subfield>
    <subfield code="d">2023-05-22</subfield>
    <subfield code="e">Vedi Books</subfield>
    <subfield code="f">INR</subfield>
    <subfield code="g">350.00</subfield>
    <subfield code="o">658.8 GUP-M10</subfield>
    <subfield code="p">003924</subfield>
    <subfield code="r">2023-05-22</subfield>
    <subfield code="t">10</subfield>
    <subfield code="w">2023-04-18</subfield>
    <subfield code="y">BK</subfield>
    <subfield code="k">VEDI/23-24/04/12</subfield>
  </datafield>
  <datafield tag="952" ind1=" " ind2=" ">
    <subfield code="0">0</subfield>
    <subfield code="1">0</subfield>
    <subfield code="2">ddc</subfield>
    <subfield code="4">0</subfield>
    <subfield code="7">0</subfield>
    <subfield code="a">SOBD</subfield>
    <subfield code="b">SOBD</subfield>
    <subfield code="d">2023-05-22</subfield>
    <subfield code="e">Vedi Books</subfield>
    <subfield code="f">INR</subfield>
    <subfield code="g">350.00</subfield>
    <subfield code="l">4</subfield>
    <subfield code="m">1</subfield>
    <subfield code="o">658.8 GUP-M11</subfield>
    <subfield code="p">003925</subfield>
    <subfield code="r">2025-09-23</subfield>
    <subfield code="s">2025-09-08</subfield>
    <subfield code="t">11</subfield>
    <subfield code="w">2023-04-18</subfield>
    <subfield code="y">BK</subfield>
    <subfield code="k">VEDI/23-24/04/12</subfield>
  </datafield>
  <datafield tag="952" ind1=" " ind2=" ">
    <subfield code="0">0</subfield>
    <subfield code="1">0</subfield>
    <subfield code="2">ddc</subfield>
    <subfield code="4">0</subfield>
    <subfield code="7">0</subfield>
    <subfield code="a">SOBD</subfield>
    <subfield code="b">SOBD</subfield>
    <subfield code="d">2023-05-22</subfield>
    <subfield code="e">Vedi Books</subfield>
    <subfield code="f">INR</subfield>
    <subfield code="g">350.00</subfield>
    <subfield code="l">6</subfield>
    <subfield code="m">1</subfield>
    <subfield code="o">658.8 GUP-M12</subfield>
    <subfield code="p">003926</subfield>
    <subfield code="r">2025-11-21</subfield>
    <subfield code="s">2025-11-07</subfield>
    <subfield code="t">12</subfield>
    <subfield code="w">2023-04-18</subfield>
    <subfield code="y">BK</subfield>
    <subfield code="k">VEDI/23-24/04/12</subfield>
  </datafield>
  <datafield tag="952" ind1=" " ind2=" ">
    <subfield code="0">0</subfield>
    <subfield code="1">0</subfield>
    <subfield code="2">ddc</subfield>
    <subfield code="4">0</subfield>
    <subfield code="7">0</subfield>
    <subfield code="a">SOBD</subfield>
    <subfield code="b">SOBD</subfield>
    <subfield code="d">2023-05-22</subfield>
    <subfield code="e">Vedi Books</subfield>
    <subfield code="f">INR</subfield>
    <subfield code="g">350.00</subfield>
    <subfield code="l">4</subfield>
    <subfield code="o">658.8 GUP-M13</subfield>
    <subfield code="p">003927</subfield>
    <subfield code="r">2026-01-07</subfield>
    <subfield code="s">2025-12-24</subfield>
    <subfield code="t">13</subfield>
    <subfield code="w">2023-04-18</subfield>
    <subfield code="y">BK</subfield>
    <subfield code="k">VEDI/23-24/04/12</subfield>
  </datafield>
  <datafield tag="952" ind1=" " ind2=" ">
    <subfield code="0">0</subfield>
    <subfield code="1">0</subfield>
    <subfield code="2">ddc</subfield>
    <subfield code="4">0</subfield>
    <subfield code="7">0</subfield>
    <subfield code="a">SOBD</subfield>
    <subfield code="b">SOBD</subfield>
    <subfield code="d">2023-05-22</subfield>
    <subfield code="e">Vedi Books</subfield>
    <subfield code="f">INR</subfield>
    <subfield code="g">350.00</subfield>
    <subfield code="l">2</subfield>
    <subfield code="o">658.8 GUP-M14</subfield>
    <subfield code="p">003928</subfield>
    <subfield code="r">2025-09-18</subfield>
    <subfield code="s">2025-09-01</subfield>
    <subfield code="t">14</subfield>
    <subfield code="w">2023-04-18</subfield>
    <subfield code="y">BK</subfield>
    <subfield code="k">VEDI/23-24/04/12</subfield>
  </datafield>
  <datafield tag="952" ind1=" " ind2=" ">
    <subfield code="0">0</subfield>
    <subfield code="1">0</subfield>
    <subfield code="2">ddc</subfield>
    <subfield code="4">0</subfield>
    <subfield code="7">0</subfield>
    <subfield code="a">SOBD</subfield>
    <subfield code="b">SOBD</subfield>
    <subfield code="d">2023-05-22</subfield>
    <subfield code="e">Vedi Books</subfield>
    <subfield code="f">INR</subfield>
    <subfield code="g">350.00</subfield>
    <subfield code="l">2</subfield>
    <subfield code="o">658.8 GUP-M15</subfield>
    <subfield code="p">003929</subfield>
    <subfield code="r">2024-08-14</subfield>
    <subfield code="s">2024-08-05</subfield>
    <subfield code="t">15</subfield>
    <subfield code="w">2023-04-18</subfield>
    <subfield code="y">BK</subfield>
    <subfield code="k">VEDI/23-24/04/12</subfield>
  </datafield>
</record>
